| 000 | 01575cam a2200265 4500 | ||
|---|---|---|---|
| 001 | ABS66556 | ||
| 008 | 030403n2003 000 0 eng u | ||
| 035 | _a(Sirsi) u121887 | ||
| 100 | _aNorwood, G. | ||
| 245 | 2 | _aA green tree bears expensive fruit | |
| 260 | _c2003 | ||
| 490 |
_aEstates Gazette _v(0313) 29 March 2003, 104-106(3) |
||
| 520 | _aReports on the row between the Environment Agency (EA) and private environmental search firms Sitescope/Homecheck and Landmark over EA's proposed price rise for environmental data. The private firms argue that this will increase prices for homebuyers and affect the quality of proposed sellers' packs. EA's rivals are also concerned about a new EA product aimed at residential homebuyers that claims to provide a full range of environmental information. Homecheck and Landmark claim it will not be as comprehensive as their reports, yet EA branding may help it become the preferred report in a seller's pack. The Office of Fair Trading is currently looking into the EA prices following a complaint from Sitescope. Includes environmental search websites and elements missing in the new EA report (according to Homecheck). | ||
| 590 | _aABS | ||
| 650 | _aENVIRONMENT AGENCY | ||
| 650 | _aHOMECHECK | ||
| 650 | _aLANDMARK | ||
| 650 | _aENVIRONMENTAL DATA | ||
| 650 | _aENVIRONMENTAL SEARCHES | ||
| 650 | _aHOME INFORMATION PACKS | ||
| 650 | _aHOMEBUYERS | ||
| 650 | _aPROPERTY-RESIDENTIAL PROPERTY-ACQUISITION AND DISPOSAL OF RESIDENTIAL PROPERTY | ||
| 690 | _aPROPERTY AND LAND LAW-CONVEYANCING | ||
| 942 | _n0 | ||
| 999 |
_c72439 _d72439 |
||